000 00468nam a2200169Ia 4500
999 _c30658
_d30658
003 OSt
005 20211112113720.0
008 190216s9999||||xx |||||||||||||| ||und||
040 _coclc
082 _a516.24
_bSIN/T
100 _aSingal, M K
_98901
245 0 _aHigher Trigonometry /
_cM K Singal
260 _bR chand And Company,
_aNew Delhi:
300 _a183p
650 _aMathematics
942 _cBK
_2ddc
_h516.24
_iSIN/T
_k516.24
_mSIN/T